Giáo dục tư tưởng Hồ Chí Minh trong nhà trường
Nội dung sách gồm hai phần: Trích các công trình Hồ Chí MInh ở những đoạn có liên quan đến chủ đề của sách; các bài viết đề cập đến nội dung và phương pháp giáo dục tư tưởng Hồ Chí Minh.
Na minha lista:
| Autor principal: | |
|---|---|
| Formato: | Livro |
| Idioma: | Undetermined |
| Publicado em: |
Hà Nội
Tự điển Bách Khoa
2009
|
| Assuntos: | |
| Tags: |
Adicionar Tag
Sem tags, seja o primeiro a adicionar uma tag!
|
| Thư viện lưu trữ: | Trung tâm Học liệu Trường Đại học Cần Thơ |
|---|
| LEADER | 01063nam a2200229Ia 4500 | ||
|---|---|---|---|
| 001 | CTU_150222 | ||
| 008 | 210402s9999 xx 000 0 und d | ||
| 020 | |c 320000 | ||
| 082 | |a 335.4346 | ||
| 082 | |b L305 | ||
| 100 | |a Phan, Ngọc Liên | ||
| 245 | 0 | |a Giáo dục tư tưởng Hồ Chí Minh trong nhà trường | |
| 245 | 0 | |c Phan Ngọc Liên chủ biên | |
| 260 | |a Hà Nội | ||
| 260 | |b Tự điển Bách Khoa | ||
| 260 | |c 2009 | ||
| 520 | |a Nội dung sách gồm hai phần: Trích các công trình Hồ Chí MInh ở những đoạn có liên quan đến chủ đề của sách; các bài viết đề cập đến nội dung và phương pháp giáo dục tư tưởng Hồ Chí Minh. | ||
| 650 | |a Education,Communists,Giáo dục,Đảng cộng sản | ||
| 650 | |x Philosophy,Biography,Triết học,Tiểu sử | ||
| 650 | |z Vietnam,Vietnam,Việt Nam,Việt Nam | ||
| 904 | |i Tuyến | ||
| 980 | |a Trung tâm Học liệu Trường Đại học Cần Thơ | ||